| 000 | 00400nam a2200145Ia 4500 | ||
|---|---|---|---|
| 008 | 230411s9999 xx 000 0 und d | ||
| 020 | _a978-93-86261-84-7 | ||
| 041 | _aeng | ||
| 082 | _aF/610.07/CLE/B08504 | ||
| 100 |
_aClement I _9119826 |
||
| 245 | _aNursing Solved Question Papers for BSc Nursing | ||
| 260 |
_bJaypee Brothers _aNew Delhi _c2017 |
||
| 300 | _a742p | ||
| 999 |
_c158185 _d158185 |
||